000 00519nam a2200205Ia 4500
005 20240618105910.0
008 131103s9999 xx 000 0 und d
040 _aLoreto College
041 _aEnglish
082 _a613
_bNEE
100 _aNeedham, M.A.
245 _aBetter Homes
_cM.A. Needham and Ann G. Strong
260 _aLondon
_bOxford University Press
_c1954
300 _a359p.
504 _aIncludes index
650 _aHelth & hygiene
700 _aStrong, Ann G
850 _aLCBED
942 _cBK
999 _c29717
_d80196